The seduction of Christianity : (Record no. 5000)

MARC details
000 -LEADER
fixed length control field 01666cam a2200361 a 4500
001 - CONTROL NUMBER
control field 12432343
003 - CONTROL NUMBER IDENTIFIER
control field OCoLC
005 - DATE AND TIME OF LATEST TRANSACTION
control field 20181219130240.0
008 - FIXED-LENGTH DATA ELEMENTS--GENERAL INFORMATION
fixed length control field 840529s1985 oru b 000 0 eng
010 ## - LIBRARY OF CONGRESS CONTROL NUMBER
LC control number 84081211
020 ## - INTERNATIONAL STANDARD BOOK NUMBER
International Standard Book Number 0890814414 (pbk.)
020 ## - INTERNATIONAL STANDARD BOOK NUMBER
International Standard Book Number 9780890814413 (pbk.)
035 ## - SYSTEM CONTROL NUMBER
System control number (OCoLC)12432343
Canceled/invalid control number (OCoLC)59683100
040 ## - CATALOGING SOURCE
Original cataloging agency DLC
Language of cataloging eng
Transcribing agency DLC
Modifying agency BAKER
-- BTCTA
-- UKV3G
-- YDXCP
-- OCLCG
-- HNW
-- QT7
-- BDX
-- OCLCF12-19
-- OCLCQ
-- CIRBC
050 00 - LIBRARY OF CONGRESS CALL NUMBER
Classification number BR481
Item number .H78 1985
082 00 - DEWEY DECIMAL CLASSIFICATION NUMBER
Classification number 270.8
Edition number 19
Item number M478S
092 0# - LOCALLY ASSIGNED DEWEY CALL NUMBER (OCLC)
Classification number 270.82
Item number H9396
100 1# - MAIN ENTRY--PERSONAL NAME
Personal name Hunt, Dave.
245 14 - TITLE STATEMENT
Title The seduction of Christianity :
Remainder of title spiritual discernment in the last days /
Statement of responsibility, etc. Dave Hunt & T.A. McMahon.
260 ## - PUBLICATION, DISTRIBUTION, ETC.
Place of publication, distribution, etc. Eugene, Or. :
Name of publisher, distributor, etc. Harvest House,
Date of publication, distribution, etc. ©1985.
300 ## - PHYSICAL DESCRIPTION
Extent 239 pages ;
Dimensions 21 cm
336 ## - CONTENT TYPE
Content type term text
Content type code txt
Source rdacontent
337 ## - MEDIA TYPE
Media type term unmediated
Media type code n
Source rdamedia
338 ## - CARRIER TYPE
Carrier type term volume
Carrier type code nc
Source rdacarrier
504 ## - BIBLIOGRAPHY, ETC. NOTE
Bibliography, etc. note Includes bibliographical references (pages 227-239).
505 0# - FORMATTED CONTENTS NOTE
Formatted contents note The spreading delusion -- Success and sorcery -- Paganism in modern dress -- Signs of the times? -- An official world religion? -- The coming apostasy -- Roots of seduction -- Sorcery, scientism, and Christianity -- The temptation to power -- Shamanism revived -- Mental alchemy -- Christianized idolatry? -- Psychological salvation -- Self-idolatry -- Tomorrow the world!
520 ## - SUMMARY, ETC.
Summary, etc. Argues that the future of Christianity is challenged by religious cults, self-help philosophies, and the new age movement.
650 #0 - SUBJECT ADDED ENTRY--TOPICAL TERM
Topical term or geographic name entry element Christianity
Chronological subdivision 20th century.
650 #0 - SUBJECT ADDED ENTRY--TOPICAL TERM
Topical term or geographic name entry element Christianity and other religions.
650 #0 - SUBJECT ADDED ENTRY--TOPICAL TERM
Topical term or geographic name entry element Cults.
700 1# - ADDED ENTRY--PERSONAL NAME
Personal name McMahon, T. A.
Fuller form of name (Thomas A.),
Dates associated with a name 1944-
942 ## - ADDED ENTRY ELEMENTS (KOHA)
Source of classification or shelving scheme Dewey Decimal Classification
Koha item type Books
Holdings
Withdrawn status Lost status Source of classification or shelving scheme Damaged status Not for loan Collection code Home library Current library Shelving location Date acquired Cost, normal purchase price Total Checkouts Full call number Barcode Date last seen Price effective from Koha item type
    Dewey Decimal Classification     Non-fiction Harvest Mission College Harvest Mission College General Stacks 19.12.2018 850.00   270.8 M478S 005719 19.12.2018 19.12.2018 Books

OPAC Designed and Maintained by HMC Library Team.
Copyright © HMC Library,Greater Noida, UP.
For any Suggestions/Query Contact library via Email:libhmc@gmail.com